00757 2200205 4500001002100000005001700021008004100038035002400079040001200103082001100115090002000126100009100146245013000237260006600367300002900433650004700462850001200509990001500521990001500536YOGYA-0209000002566220090227023952.0 ind  0010-020900000025662 aYOPDYOG a331.11 aR 331.11bYog P aYOGYAKARTA.[Sekretariat Wilayah Daerah Propinsi\}Biro Hukum Organisasi dan tatalaksana aProyek inventarisasi produk peraturan perundang-undangan Bidang Tenaga Kerja PerburuancBiro Hukum Organisasi dan Tatalaksana aYogyakartabBiro Hukum, Organisasi dan tatalaksanac1979/1980 aiv, 341 hlmbilusc22 cm aTenaga kerja - Undang-undang dan Peraturan aYOPDYOG a06A0018076 a06A0018075